Konsep pendidikan : rujukan untuk pensyarah, guru, pelajar pendidikan di IPT dan guru-guru pelatih maktab perguruan

Bibliographic Details
Main Author: Najeemah Md.Yusof
Format: Book
Published: Bentong,Pahang : PTS Professional , 2006
Subjects:

MARC

LEADER 00000cam a2200000 7i4500
001 0000017239
005 20061116.0
020 |a 9833376827 
040 |a INS 
090 0 0 |a LA1236   |b NAJ 2006 
100 0 |a Najeemah Md.Yusof 
245 1 0 |a Konsep pendidikan :   |b rujukan untuk pensyarah, guru, pelajar pendidikan di IPT dan guru-guru pelatih maktab perguruan   |c Najeemah Md. Yusof 
260 |a Bentong,Pahang :   |b PTS Professional ,   |c 2006 
300 |a m/s170 :   |b ill ;   |c 23cm. 
500 |a Bibliografi :ms.160-167 
500 |a Mengandungi indeks : ms.169-170 
650 0 0 |a Education and state   |z Malaysia 
650 0 0 |a Education, Higher   |z Malaysia 
650 0 0 |a Education   |z Malaysia 
999 |a 0000017640   |b BOOK   |c Open Shelf   |e Default branch 
999 |a 0000017641   |b BOOK   |c Open Shelf   |e Default branch